| 000 | 00913cab a2200301 4500 | ||
|---|---|---|---|
| 001 | WB2933-27 | ||
| 008 | 090401t1993 xxu||||| |||| 00| 0 eng d | ||
| 035 | _a(Sirsi) u17830 | ||
| 041 | _aeng | ||
| 245 | _aStamp duty | ||
| 260 | _c1993 | ||
| 350 | _a0 | ||
| 490 |
_aCSW - The Property Week _v44(11) 9 September 1993, 58(1) |
||
| 520 | _aClarifies with reference to Stamp Office statements of practice, when stamp duty is payable on conveyances of property subject to a debt, on VAT on leases and conveyances or leases of underdeveloped land and buildings. | ||
| 650 | _aCONVEYANCING | ||
| 650 | _aDEVELOPMENT | ||
| 650 | _aHM LAND REGISTRY | ||
| 650 | _aORIGINAL DOCUMENTS | ||
| 650 | _aSP11/91 | ||
| 650 | _aSP6/90 | ||
| 650 | _aSP8/93 | ||
| 650 | _aSTAMP DUTY | ||
| 650 | _aSTAMPABLE DOCUMENT | ||
| 650 | _aVALUE ADDED TAX | ||
| 690 | _aTAXATION | ||
| 942 | _n0 | ||
| 948 | _c04/03/1997 | ||
| 999 |
_c11826 _d11826 |
||